00730nam a22002297a 4500003000500000005001700005008004100022010001000063011001000073035001000083040000900093082001400102100002000116245013700136260004600273300001100319490004000330650003500370650003500405650002000440830004000460CHAP20220329134129.0971013s1949 r 00010 d a15866 a16838 a20920 cCHAP a630.1bB400aBeyer, Glenn H. aFarm housing in the Northeast ; a survey of facilities, activities, possessions, and preferences of families on owner-operated farms aIthaca :bCornell University Press,c1949 a458 p. aNortheast regional publicationv; 114aCostos y nivel de vidaxE.U.A.14aEconomía domésticaxE.U.A.14aGranjasxE.U.A.0 aNortheast regional publicationv; 1